Horrible Quiz - Statistics

General Stats
  • This quiz has been taken 13 times
  • The average score is 55 of 196
Answers on the Map
Answers color-coded by a green-red scale on the quiz's map according to % correct below.
 
Answer Stats
Country % Correct
Canada
80%
France
80%
United States
80%
United Kingdom
70%
China
60%
Germany
60%
Mexico
60%
Russia
60%
Spain
60%
Brazil
50%
Democratic Republic of the Congo
50%
Egypt
50%
Iran
50%
Iraq
50%
Italy
50%
Mongolia
50%
Niger
50%
Nigeria
50%
Oman
50%
Republic of the Congo
50%
Yemen
50%
Albania
40%
Andorra
40%
Austria
40%
Bangladesh
40%
Barbados
40%
Cyprus
40%
Denmark
40%
Finland
40%
Greece
40%
Ireland
40%
Laos
40%
Nepal
40%
Norway
40%
Pakistan
40%
Peru
40%
Poland
40%
Qatar
40%
Saudi Arabia
40%
Somalia
40%
Ukraine
40%
Afghanistan
30%
Algeria
30%
Angola
30%
Antigua and Barbuda
30%
Bahamas
30%
Belgium
30%
Belize
30%
Bolivia
30%
Botswana
30%
Brunei
30%
Cambodia
30%
Cameroon
30%
Chad
30%
Costa Rica
30%
Croatia
30%
Cuba
30%
Czech Republic
30%
El Salvador
30%
Ethiopia
30%
Gabon
30%
Gambia
30%
Guyana
30%
Honduras
30%
Indonesia
30%
Israel
30%
Jamaica
30%
Japan
30%
Jordan
30%
Kazakhstan
30%
Kenya
30%
Kyrgyzstan
30%
kyrgyzstan
30%
Latvia
30%
Libya
30%
Liechtenstein
30%
Lithuania
30%
Luxembourg
30%
Malawi
30%
Mali
30%
Malta
30%
Morocco
30%
Nauru
30%
Netherlands
30%
Nicaragua
30%
North Korea
30%
Panama
30%
Paraguay
30%
Philippines
30%
Portugal
30%
Romania
30%
Samoa
30%
Singapore
30%
Slovenia
30%
South Korea
30%
South Sudan
30%
Sri Lanka
30%
Sudan
30%
Suriname
30%
Sweden
30%
Switzerland
30%
Taiwan
30%
Thailand
30%
Togo
30%
Tunisia
30%
Turkey
30%
Tuvalu
30%
Uruguay
30%
Uzbekistan
30%
Vanautu
30%
Vietnam
30%
Azerbaijan
20%
Bahrain
20%
Belarus
20%
Bhutan
20%
Bulgaria
20%
Burkina Faso
20%
Burundi
20%
Central African Republic
20%
Colombia
20%
Comoros
20%
Djibouti
20%
Dominica
20%
Dominican Republic
20%
Ecuador
20%
Eritrea
20%
Federated States of Micronesia
20%
Fiji
20%
Georgia
20%
Ghana
20%
Greenland
20%
Grenada
20%
Haiti
20%
Hungary
20%
Ivory Coast
20%
Kiribati
20%
Kosovo
20%
Kuwait
20%
Liberia
20%
Malaysia
20%
Maldives
20%
Marshall Islands
20%
Mauritania
20%
Moldova
20%
Monaco
20%
Montenegro
20%
Myanmar
20%
North Macedonia
20%
Palau
20%
Papua New Guinea
20%
Rwanda
20%
Saint Kitts and Nevis
20%
Saint Lucia
20%
Saint Vincent and the Grenadines
20%
San Marino
20%
São Tomé and Príncipe
20%
Senegal
20%
Serbia
20%
Seychelles
20%
Sierra Leone
20%
Slovakia
20%
Solomon Islands
20%
Tajikistan
20%
Tanzania
20%
Trinidad and Tobago
20%
Turkmenistan
20%
Uganda
20%
United Arab Emirates
20%
Vatican City
20%
Venezuela
20%
Zambia
20%
Armenia
10%
Benin
10%
Bosnia and Herzegovina
10%
Cape Verde
10%
Guatemala
10%
Guinea
10%
Guinea-Bissau
10%
Lebanon
10%
Syria
10%
Candyland
0%
CannotIntoNordic
0%
East Timor
0%
Jupiter
0%
Kangaroo
0%
Lethoso
0%
Little Baby Way
0%
Lopadotemachoselachogaleokranioleipsanodrimhypotrimmatosilphioparaomelitokatakechymenokichlepikossyphophattoperisteralektryonoptekephalliokigklopeleiolagoiosiraiobaphetraganopterygon
0%
Massachusetts
0%
Panda
0%
Peouth Effrica
0%
Poppadom
0%
Tango
0%
No matching quizzes found
Score Distribution
Percent of People with Each Score
Percentile by Number Answered
Your Score History
You have not taken this quiz